Phytochemical Characterization and Evaluation of the Antimicrobial, Antiproliferative and Pro-Apoptotic Potential of Ephedra alata Decne. Hydroalcoholic Extract against the MCF-7 Breast Cancer Cell Line

Ephedra alata Decne. belongs to the Ephedraceae family. It is a species of Ephedra that grows mostly in the desert. Today, the main importance of Ephedra species in the medical field is due to the presence of the alkaloids derived from phenyl-alanine, which act on the sympathetic nervous system as a...

Teljes leírás

Elmentve itt :
Bibliográfiai részletek
Szerzők: Danciu Corina
Muntean Delia
Alexa Ersilia
Farcas Claudia
Oprean Camelia
Zupkó István
Bor Andrea
Minda Daliana
Proks Maria
Buda Valentina
Hancianu Monica
Cioanca Oana
Soica Codruta
Popescu Sofia
Dehelean Cristina Adriana
Dokumentumtípus: Cikk
Megjelent: 2019
Sorozat:MOLECULES 24 No. 1
doi:10.3390/molecules24010013

mtmt:30546664
Online Access:http://publicatio.bibl.u-szeged.hu/15870
LEADER 02602nab a2200373 i 4500
001 publ15870
005 20190628100107.0
008 190628s2019 hu o 0|| angol d
022 |a 1420-3049 
024 7 |a 10.3390/molecules24010013  |2 doi 
024 7 |a 30546664  |2 mtmt 
040 |a SZTE Publicatio Repozitórium  |b hun 
041 |a angol 
100 1 |a Danciu Corina 
245 1 0 |a Phytochemical Characterization and Evaluation of the Antimicrobial, Antiproliferative and Pro-Apoptotic Potential of Ephedra alata Decne. Hydroalcoholic Extract against the MCF-7 Breast Cancer Cell Line  |h [elektronikus dokumentum] /  |c  Danciu Corina 
260 |c 2019 
300 |a Paper 13-15 p 
490 0 |a MOLECULES  |v 24 No. 1 
520 3 |a Ephedra alata Decne. belongs to the Ephedraceae family. It is a species of Ephedra that grows mostly in the desert. Today, the main importance of Ephedra species in the medical field is due to the presence of the alkaloids derived from phenyl-alanine, which act on the sympathetic nervous system as a sympathomimetic. The aim of this study was to conduct a phytochemical characterization of the hydroalcoholic extract of the aerial part of Ephedra alata Decne., which is indigenous to Tunis, that involves the total phenolic content, individual phenolic content, and antioxidant activity as well as a biological screening for the evaluation of the antimicrobial, antifungal, antiproliferative, pro-apoptotic, and cytotoxic potential against the MCF-7 breast cancer cell line. The results show that the hydroalcoholic extract contains polyphenolic phytocompounds (156.226 +/- 0.5 mgGAE/g extract) and elicits antioxidant activity (7453.18 +/- 2.5 mol Trolox/g extract). The extract acted as a bacteriostatic agent against all tested bacterial strains, but was bactericidal only against the Gram-positive cocci and Candida spp. In the set experimental parameters, the extract presents antiproliferative, pro-apoptotic, and cytotoxic potential against the MCF-7 human breast cancer cell line. 
700 0 1 |a Muntean Delia  |e aut 
700 0 1 |a Alexa Ersilia  |e aut 
700 0 1 |a Farcas Claudia  |e aut 
700 0 1 |a Oprean Camelia  |e aut 
700 0 1 |a Zupkó István  |e aut 
700 0 1 |a Bor Andrea  |e aut 
700 0 1 |a Minda Daliana  |e aut 
700 0 1 |a Proks Maria  |e aut 
700 0 1 |a Buda Valentina  |e aut 
700 0 1 |a Hancianu Monica  |e aut 
700 0 1 |a Cioanca Oana  |e aut 
700 0 1 |a Soica Codruta  |e aut 
700 0 1 |a Popescu Sofia  |e aut 
700 0 1 |a Dehelean Cristina Adriana  |e aut 
856 4 0 |u http://publicatio.bibl.u-szeged.hu/15870/1/200_Molecules_2019.pdf  |z Dokumentum-elérés